Statistics for Most Populated Capital Subdivisions

Click here to take the quiz!

General Stats

  • This quiz has been taken 48 times
  • The average score is 22 of 28

Answer Stats

CountryAnswerPopulation% Correct
IndiaDelhi19.5 mil
100%
MexicoMexico City9.39 mil
100%
RussiaMoscow12.9 mil
100%
ChinaBeijing22.2 mil
98%
EgyptCairo11.1 mil
98%
SpainMadrid6.73 mil
98%
FranceParis
(Île-de-France)
12.8 mil
98%
IndonesiaJakarta10.7 mil
95%
IranTehran14.8 mil
95%
JapanTokyo13.5 mil
95%
BangladeshDhaka46.2 mil
90%
D. R. CongoKinshasa14.5 mil
88%
ColombiaBogotá
(Capital District)
7.95 mil
85%
VietnamHà Nội8.27 mil
83%
PeruLima10.3 mil
83%
Saudi ArabiaRiyadh9.32 mil
83%
ChileSantiago7.94 mil
83%
South KoreaSeoul9.58 mil
83%
IraqBaghdad9.71 mil
78%
PhilippinesManila
(National Capital)
14.5 mil
78%
CanadaOttawa
(Ontario)
15.1 mil
73%
AfghanistanKabul6.98 mil
68%
South AfricaPretoria
(Gauteng)
16.0 mil
68%
SudanKhartoum9.13 mil
58%
AngolaLuanda10.0 mil
58%
South AfricaCape Town
(Western Cape)
7.18 mil
53%
NepalKathmandu
(Bagmati)
6.44 mil
30%
MalawiLilongwe
(Central)
8.96 mil
20%

Score Distribution

Percentile by Number Answered

Percent of People with Each Score

Your Score History

You have not taken this quiz